000 00461nmm a2200157Ia 4500
008 251105s9999||||xx |||||||||||||||||und||
020 _a9781558852167
041 _aeng
100 _aRivera, Beatriz
245 0 _aMidnight Sandwiches at the Mariposa Express
264 _a[Washington, Estados Unidos] :
_bArte Público Press,
_c2017
300 _a184 páginas
650 _aRomance
856 _uhttps://public.digitaliapublishing.com/a/46211
942 _cCF
999 _c74671
_d74671